[Event "Manavgat Turkey Cup"]
[Site "Manavgat"]
[Date "2016.02.02"]
[Round "6"]
[White "Acarbay, Aydin"]
[Black "Aydin, Muhammed Bugrahan"]
[Result "1-0"]
[WhiteElo "1878"]
[BlackElo "1449"]
[PlyCount "111"]
[EventDate "2016.01.30"]
[EventType "swiss"]
[EventRounds "11"]
[EventCountry "TUR"]
[SourceTitle "CBM 170 Extra"]
[Source "ChessBase"]
[SourceDate "2016.02.25"]
[SourceVersion "1"]
[SourceVersionDate "2016.02.25"]
[SourceQuality "1"]

1. d4 d5 2. c4 c6 3. Nf3 Bf5 4. Nc3 e6 5. Bf4 Bd6 6. Bg3 Nf6 7. Qb3 b6 8. e3 Ne4 9. Be2 a5 10. Bxd6 dxc4 11. Bxc4 Nxd6 12. Be2 Nd7 13. 0-0 0-0 14. Rfd1 Qe7 15. Rac1 Rfc8 16. Ne5 Rab8 17. Qa3 Bg6 18. Ba6 Rc7 19. Nxg6 hxg6 20. Nb5 cxb5 21. Rxc7 b4 22. Qd3 Ra8 23. Bb5 Nxb5 24. Qxb5 Rd8 25. d5 Qd6 26. Qc6 Nc5 27. Qxd6 Rxd6 28. Rc6 Rxd5 29. Rxd5 exd5 30. Rxb6 Na4 31. Rb5 Nxb2 32. Rxa5 Nd3 33. Rxd5 Nc1 34. Ra5 b3 35. a4 Ne2+ 36. Kf1 Nc3 37. Ra8+ Kh7 38. Rb8 Nxa4 39. Rxb3 Nc5 40. Rb5 Ne4 41. f3 Nd6 42. Rd5 Nf5 43. Kf2 Ne7 44. Rd7 Nf5 45. Rxf7 Nd6 46. Rd7 Nc4 47. f4 Nb6 48. Rd8 Nc4 49. e4 Na5 50. e5 Nc6 51. Rd7 g5 52. Rd6 Ne7 53. fxg5 Nf5 54. g6+ Kh6 55. g4 Ne7 56. Kf3 1-0

[Event "Manavgat Turkey Cup"]
[Site "Manavgat"]
[Date "2016.01.30"]
[Round "1"]
[White "Orak, Yunus"]
[Black "Acarbay, Aydin"]
[Result "0-1"]
[WhiteElo "1601"]
[BlackElo "1878"]
[PlyCount "44"]
[EventDate "2016.01.30"]
[EventType "swiss"]
[EventRounds "11"]
[EventCountry "TUR"]
[SourceTitle "CBM 170 Extra"]
[Source "ChessBase"]
[SourceDate "2016.02.25"]
[SourceVersion "1"]
[SourceVersionDate "2016.02.25"]
[SourceQuality "1"]

1. e4 c5 2. Nf3 d6 3. d4 cxd4 4. Nxd4 Nf6 5. Nc3 g6 6. Bg5 e6 7. f4 Qb6 8. Nb3 Nbd7 9. Qf3 Be7 10. 0-0-0 Qc7 11. Be2 b5 12. Bxf6 Nxf6 13. e5 Bb7 14. Qg3 dxe5 15. fxe5 Nd7 16. Kb1 0-0 17. Bf3 Rad8 18. Rhe1 Bxf3 19. gxf3 b4 20. Ne4 Nxe5 21. Rxd8 Rxd8 22. Rg1 Bh4 0-1

[Event "EU-ch U18 18th"]
[Site "Herceg Novi"]
[Date "2008.09.22"]
[Round "7"]
[White "Acarbay, Aydin"]
[Black "Pasko, Llambi"]
[Result "1-0"]
[WhiteElo "1825"]
[BlackElo "2086"]
[PlyCount "93"]
[EventDate "2008.09.15"]
[EventType "swiss"]
[EventRounds "9"]
[EventCountry "MNE"]
[SourceTitle "CBM 126 Extra"]
[Source "ChessBase"]
[SourceDate "2008.11.05"]
[SourceVersion "1"]
[SourceVersionDate "2008.11.05"]
[SourceQuality "1"]

1. d4 Nf6 2. Nf3 g6 3. Bf4 Bg7 4. e3 d6 5. Bd3 0-0 6. Nbd2 Nc6 7. c3 e5 8. Bg5 h6 9. Bh4 Re8 10. dxe5 Nxe5 11. Nxe5 Rxe5 12. Nf3 Re8 13. Qc2 Be6 14. 0-0 a6 15. Rad1 Bg4 16. h3 Bxf3 17. gxf3 Qd7 18. Kg2 Kh8 19. Bg3 Nh5 20. Bh2 Qe6 21. Qb3 Qxb3 22. axb3 Nf6 23. Ra1 Nd7 24. Bc4 Kg8 25. b4 Nb6 26. Bb3 Rac8 27. Rad1 Ra8 28. Ra1 Be5 29. f4 Bf6 30. Ra5 Kf8 31. Kf3 Nd7 32. Rd1 b6 33. Ra2 a5 34. Bd5 Rab8 35. Bc6 Ke7 36. Rd2 axb4 37. cxb4 Red8 38. Ra7 Rbc8 39. Bb7 Rb8 40. Bc6 Rbc8 41. Kg2 Nf8 42. Bb7 Rb8 43. Bd5 Rd7 44. Bc6 Rdd8 45. Rxc7+ Nd7 46. f5 gxf5 47. Bxd6+ 1-0

[Event "EU-ch U18 18th"]
[Site "Herceg Novi"]
[Date "2008.09.18"]
[Round "4"]
[White "Thorgeirsson, Sverrir"]
[Black "Acarbay, Aydin"]
[Result "0-1"]
[WhiteElo "2102"]
[BlackElo "1825"]
[PlyCount "68"]
[EventDate "2008.09.15"]
[EventType "swiss"]
[EventRounds "9"]
[EventCountry "MNE"]
[SourceTitle "CBM 126 Extra"]
[Source "ChessBase"]
[SourceDate "2008.11.05"]
[SourceVersion "1"]
[SourceVersionDate "2008.11.05"]
[SourceQuality "1"]

1. d4 Nf6 2. Nf3 c5 3. e3 d5 4. dxc5 e6 5. b4 a5 6. c3 axb4 7. cxb4 b6 8. Bb5+ Bd7 9. Bxd7+ Nbxd7 10. a4 bxc5 11. b5 Bd6 12. Bb2 e5 13. e4 0-0 14. exd5 e4 15. Nfd2 e3 16. fxe3 Nxd5 17. Qf3 Nxe3 18. Kf2 Ne5 19. Qe2 N5g4+ 20. Kg1 Qc7 21. Nf3 Nd5 22. h3 Rfe8 23. Qd2 Bf4 24. Qxd5 Be3+ 25. Kf1 Qg3 26. Ke2 Qf2+ 27. Kd3 Rad8 28. Nc3 Rxd5+ 29. Nxd5 Qxb2 30. hxg4 Qb3+ 31. Nc3 c4+ 32. Ke2 Qc2+ 33. Ke1 Qxc3+ 34. Ke2 Qc2+ 0-1

[Event "Wch U20"]
[Site "Gaziantep"]
[Date "2008.08.12"]
[Round "10"]
[White "Acarbay, Aydin"]
[Black "Nukin, Ashat"]
[Result "0-1"]
[WhiteElo "1825"]
[BlackElo "2244"]
[PlyCount "72"]
[EventDate "2008.08.03"]
[EventType "swiss"]
[EventRounds "13"]
[EventCountry "TUR"]
[SourceTitle "CBM 125 Extra"]
[Source "ChessBase"]
[SourceDate "2008.09.01"]
[SourceVersion "1"]
[SourceVersionDate "2008.09.01"]
[SourceQuality "1"]

1. d4 Nf6 2. c4 e6 3. Nf3 c5 4. d5 b5 5. Qc2 bxc4 6. e4 exd5 7. exd5 Be7 8. Bxc4 0-0 9. 0-0 d6 10. b3 Bg4 11. Nbd2 Nbd7 12. Bb2 Nb6 13. Ng5 h6 14. Bxf6 hxg5 15. Bc3 Bf6 16. Rae1 Nd7 17. Ne4 Be5 18. Bd2 Bf5 19. Bd3 Bxe4 20. Bxe4 Qf6 21. Re3 g6 22. Rf3 Qe7 23. Bd3 f5 24. Re3 Rf7 25. Bc3 Rh7 26. Bxe5 Nxe5 27. f3 Qg7 28. Rfe1 Qh6 29. h3 g4 30. fxg4 fxg4 31. Qc3 Qf4 32. Re4 Nf3+ 33. gxf3 Qg3+ 34. Kf1 Qxf3+ 35. Kg1 Rf8 36. R4e2 Qxh3 0-1

[Event "Wch U20"]
[Site "Gaziantep"]
[Date "2008.08.10"]
[Round "8"]
[White "Acarbay, Aydin"]
[Black "Plenca, Julian"]
[Result "0-1"]
[WhiteElo "1825"]
[BlackElo "2295"]
[PlyCount "130"]
[EventDate "2008.08.03"]
[EventType "swiss"]
[EventRounds "13"]
[EventCountry "TUR"]
[SourceTitle "CBM 125 Extra"]
[Source "ChessBase"]
[SourceDate "2008.09.01"]
[SourceVersion "1"]
[SourceVersionDate "2008.09.01"]
[SourceQuality "1"]

1. d4 e6 2. c4 c5 3. d5 exd5 4. cxd5 g6 5. Nc3 d6 6. h3 Bg7 7. Nf3 Nf6 8. e4 0-0 9. Bd3 Re8 10. 0-0 c4 11. Bxc4 Nxe4 12. Nxe4 Rxe4 13. Bd3 Re8 14. Rb1 Qa5 15. Qb3 Nd7 16. Bd2 Qb6 17. Rfe1 Rf8 18. Qa3 a5 19. Be3 Qb4 20. Rec1 Nf6 21. Qxb4 axb4 22. Bc4 Bf5 23. Ra1 Be4 24. Rd1 Rfc8 25. Rac1 Bxf3 26. gxf3 Nd7 27. Bb5 Ne5 28. Kg2 f5 29. f4 Nf7 30. Bd7 Rxc1 31. Rxc1 Bxb2 32. Rc7 Nd8 33. Bb6 Ra6 34. Rc8 Rxb6 35. Rxd8+ Kg7 36. Bc8 Bc1 37. Rd7+ Kh6 38. Rxb7 Rxb7 39. Bxb7 Bxf4 40. Bc6 Kg5 41. Kf3 Be5 42. Bd7 Bd4 43. Bb5 Kh4 44. Bf1 g5 45. Kg2 g4 46. hxg4 fxg4 47. Be2 Be5 48. f3 g3 49. Bd3 h6 50. Bf5 Kg5 51. Bc8 Kf4 52. Bd7 Ke3 53. Bc8 Bf4 54. Bd7 Kd4 55. Bc6 h5 56. Bb7 h4 57. Bc6 Ke3 58. Bd7 Kd2 59. Bc8 Kc3 60. Ba6 Kb2 61. Bc4 Be5 62. Kh3 Kc3 63. Ba6 Kd4 64. Bb7 Ke3 65. Kg2 h3+ 0-1

[Event "Wch U20"]
[Site "Gaziantep"]
[Date "2008.08.04"]
[Round "3"]
[White "Anton, Teodor"]
[Black "Acarbay, Aydin"]
[Result "0-1"]
[WhiteElo "2353"]
[BlackElo "1825"]
[PlyCount "70"]
[EventDate "2008.08.03"]
[EventType "swiss"]
[EventRounds "13"]
[EventCountry "TUR"]
[SourceTitle "CBM 125 Extra"]
[Source "ChessBase"]
[SourceDate "2008.09.01"]
[SourceVersion "1"]
[SourceVersionDate "2008.09.01"]
[SourceQuality "1"]

1. d4 Nf6 2. c4 c5 3. d5 b5 4. cxb5 a6 5. b6 e6 6. Nc3 Nxd5 7. Nxd5 exd5 8. Qxd5 Nc6 9. e4 Be7 10. Nf3 Rb8 11. Bc4 0-0 12. 0-0 Rxb6 13. Qh5 d6 14. Rd1 Be6 15. Bd3 c4 16. Bc2 Rb5 17. e5 g6 18. Qh6 Nxe5 19. Nd4 Rb8 20. Nxe6 fxe6 21. Qh3 Qd7 22. Qg3 Nf7 23. Bxg6 hxg6 24. Qxg6+ Kh8 25. Rd4 Ne5 26. Qh5+ Kg8 27. Qxe5 dxe5 28. Rxd7 Bc5 29. Rd2 Rxf2 30. Rxf2 Rf8 31. Be3 Bxe3 32. Raf1 Rb8 33. Kh1 Bxf2 34. Rxf2 c3 35. b3 Rd8 0-1

[Event "Wch U20"]
[Site "Gaziantep"]
[Date "2008.08.03"]
[Round "1"]
[White "Georgescu, Tiberiu Marian"]
[Black "Acarbay, Aydin"]
[Result "1-0"]
[WhiteElo "2442"]
[BlackElo "1825"]
[PlyCount "65"]
[EventDate "2008.08.03"]
[EventType "swiss"]
[EventRounds "13"]
[EventCountry "TUR"]
[SourceTitle "CBM 125 Extra"]
[Source "ChessBase"]
[SourceDate "2008.09.01"]
[SourceVersion "1"]
[SourceVersionDate "2008.09.01"]
[SourceQuality "1"]

1. d4 d5 2. Nf3 Nf6 3. g3 e6 4. Bg2 Be7 5. 0-0 0-0 6. c4 b6 7. Nc3 Bb7 8. Nd2 Nbd7 9. e4 dxe4 10. Ndxe4 Nxe4 11. Nxe4 e5 12. dxe5 Nxe5 13. b3 c5 14. Qh5 Nc6 15. Bb2 f6 16. Nc3 Qe8 17. Bd5+ Kh8 18. Qh3 Bc8 19. Qg2 Bd7 20. Rfe1 Rc8 21. Nb5 Qh5 22. Rad1 Bh3 23. Qh1 Ne5 24. Nxa7 Rcd8 25. Bxe5 fxe5 26. Qe4 Bd6 27. Nb5 Bf5 28. Qe2 Bg4 29. f3 Rxf3 30. Bxf3 Bxf3 31. Qd2 Qh3 32. Qf2 e4 33. Rxd6 1-0